A Scola do Exercito (Record no. 160955)

MARC details
000 -LEADER
campo de control de longitud fija 00869nam a22002055i 4500
001 - NÚMERO DE CONTROL
campo de control 160955
003 - IDENTIFICADOR DE NÚMERO DE CONTROL
campo de control ES-MaACL
005 - FECHA Y HORA DE LA ÚLTIMA TRANSACCIÓN
campo de control 20230906212149.0
008 - DATOS DE LONGITUD FIJA--INFORMACIÓN GENERAL
campo de control de longitud fija 041007s1892 po |||| | por d
040 ## - FUENTE DE CATALOGACIÓN
Centro catalogador/agencia de origen CAM
Lengua de catalogación spa
Centro/agencia transcriptor CAM
100 1# - ENTRADA PRINCIPAL--NOMBRE DE PERSONA
Nombre de persona Oliveira Simões, J.M. d'.
9 (RLIN) 130622
245 12 - MENCIÓN DEL TÍTULO
Título A Scola do Exercito
Resto del título : breve noticia da sua historia e da sua situação actual /
Mención de responsabilidad, etc. por J.M. d'Oliveira Simões.
260 ## - PUBLICACIÓN, DISTRIBUCIÓN, ETC.
Lugar de publicación, distribución, etc. Lisboa :
Nombre del editor, distribuidor, etc. Imprensa Nacional,
Fecha de publicación, distribución, etc. 1892.
300 ## - DESCRIPCIÓN FÍSICA
Extensión 305, [2] p. ;
Dimensiones 25 cm.
594 ## - Nota al título y mención de responsabilidad
Nota al título y mención de responsabilidad Precede al tít.: Congresso Pedagogico Hispano-Portuguez-Americano.Secção portugueza.
610 24 - PUNTO DE ACCESO ADICIONAL DE MATERIA--NOMBRE DE ENTIDAD CORPORATIVA
Nombre de entidad corporativa o nombre de jurisdicción como elemento de entrada Escola do Exercito (Portugal)-
Subdivisión general Historia.
9 (RLIN) 134355
711 2# - ENTRADA AGREGADA--NOMBRE DE REUNIÓN
Nombre de congreso/reunión o jurisdicción como elemento de entrada Congresso Pedagogico Hispano-Portuguez-Americano (
Fecha del congreso o de la firma del tratado 1892.
Sede del congreso/Lugar de la reunión Lisboa (
Fecha del congreso o de la firma del tratado 1882.
Sede del congreso/Lugar de la reunión Lisboa)
9 (RLIN) 223425
852 ## - LOCALIZACIÓN
Ubicación ES-MaACL
Número de control de estantería G-8267
Nota libre -- Enc. hol., conservando la cub. original
Holdings
Estatus retirado Estado de pérdida Estado de daño No para préstamo Colección Biblioteca de origen Biblioteca actual Ubicación en estantería Fecha de adquisición Fuente de adquisición Total de préstamos Signatura topográfica completa Código de barras Visto por última vez Precio de reemplazo Tipo de ítem Koha
        Libros del s. XIX Biblioteca del Ateneo de Madrid Biblioteca del Ateneo de Madrid Sala Pecera Planta 3 17/01/2008     G-8267 1168562 23/02/2023 23/02/2023 Libro impreso antiguo